Library Logo

Pioneer International University Library Catalogue

Darlin' Bill : (Record no. 9226)

MARC details
000 -LEADER
fixed length control field 01502cam a2200421 i 4500
001 - CONTROL NUMBER
control field 4188981
003 - CONTROL NUMBER IDENTIFIER
control field OSt
005 - DATE AND TIME OF LATEST TRANSACTION
control field 20250901165802.0
008 - FIXED-LENGTH DATA ELEMENTS--GENERAL INFORMATION
fixed length control field 810731t19801980nyu 000 1 eng
010 ## - LIBRARY OF CONGRESS CONTROL NUMBER
LC control number 80006673
020 ## - INTERNATIONAL STANDARD BOOK NUMBER
International Standard Book Number 0877952833
040 ## - CATALOGING SOURCE
Original cataloging agency DLC
Language of cataloging eng
Description conventions rda
Transcribing agency DLC
Modifying agency DLC
042 ## - AUTHENTICATION CODE
Authentication code pcc
050 00 - LIBRARY OF CONGRESS CALL NUMBER
Classification number PS 3553 .H33 D3 1980
Item number D3 1980
051 ## - LIBRARY OF CONGRESS COPY, ISSUE, OFFPRINT STATEMENT
Classification number PS3553.H33
Item number D3 1980 Copy 3
Copy information In original illustrated dust jacket.
082 00 - DEWEY DECIMAL CLASSIFICATION NUMBER
Classification number 813/.54
Edition information 19
100 1# - MAIN ENTRY--PERSONAL NAME
Personal name Charyn, Jerome,
Relator term author.
245 10 - TITLE STATEMENT
Title Darlin' Bill :
Remainder of title a love story of the Wild West /
Statement of responsibility, etc. by Jerome Charyn.
264 #1 - PRODUCTION, PUBLICATION, DISTRIBUTION, MANUFACTURE, AND COPYRIGHT NOTICE
Place of production, publication, distribution, manufacture New York :
Name of producer, publisher, distributor, manufacturer Arbor House,
Date of production, publication, distribution, manufacture, or copyright notice [1980]
264 #4 - PRODUCTION, PUBLICATION, DISTRIBUTION, MANUFACTURE, AND COPYRIGHT NOTICE
Date of production, publication, distribution, manufacture, or copyright notice ©1980
300 ## - PHYSICAL DESCRIPTION
Extent 300 pages ;
Dimensions 22 cm
336 ## - CONTENT TYPE
Content type term text
Content type code txt
Source rdacontent
337 ## - MEDIA TYPE
Media type term unmediated
Media type code n
Source rdamedia
338 ## - CARRIER TYPE
Carrier type term volume
Carrier type code nc
Source rdacarrier
500 ## - GENERAL NOTE
General note Dust jacket illustration by Loretta Trezzo Braren.
500 ## - GENERAL NOTE
General note "Other books by Jerome Charyn" on page facinig title page.
600 10 - SUBJECT ADDED ENTRY--PERSONAL NAME
Personal name Hickok, Wild Bill,
Dates associated with a name 1837-1876
Form subdivision Fiction.
650 #0 - SUBJECT ADDED ENTRY--TOPICAL TERM
Topical term or geographic name entry element Peace officers
Form subdivision Fiction.
655 #7 - INDEX TERM--GENRE/FORM
Genre/form data or focus term Biographical fiction.
Source of term lcgft
655 #7 - INDEX TERM--GENRE/FORM
Genre/form data or focus term Western stories.
Source of term gsafd
655 #7 - INDEX TERM--GENRE/FORM
Genre/form data or focus term Western fiction.
Source of term lcgft
655 #7 - INDEX TERM--GENRE/FORM
Genre/form data or focus term Romance fiction.
Source of term lcgft
655 #7 - INDEX TERM--GENRE/FORM
Genre/form data or focus term Dust jackets (Binding)
Geographic subdivision New York (State)
-- New York
Chronological subdivision 20th century.
Source of term rbbin
700 1# - ADDED ENTRY--PERSONAL NAME
Personal name Braren, Loretta Trezzo,
Relator term illustrator.
710 2# - ADDED ENTRY--CORPORATE NAME
Corporate name or jurisdiction name as entry element Larry Dingman Western Fiction Collection (Library of Congress)
Institution to which field applies DLC
906 ## - LOCAL DATA ELEMENT F, LDF (RLIN)
a 7
b cbc
c orignew
d 2
e ocip
f 19
g y-gencatlg
942 ## - ADDED ENTRY ELEMENTS (KOHA)
Source of classification or shelving scheme Library of Congress Classification
Koha item type Books
Holdings
Withdrawn status Lost status Source of classification or shelving scheme Damaged status Not for loan Home library Current library Shelving location Date acquired Total checkouts Full call number Barcode Date last seen Price effective from Koha item type
    Library of Congress Classification     Main Library Main Library   02/24/2025   PS 3553 .H33 D3 1980 PIU0005216 02/24/2025 02/24/2025 Books